[Event "X Open Autunno"]
[Site "Robecchetto con Induno ITA"]
[Date "2013.10.17"]
[Round "3"]
[White "Novi', Giuseppe"]
[Black "Trenti, Alessandro"]
[WhiteElo "1827"]
[BlackElo "1757"]
[Result "0-1"]
[PlyCount "52"]
[EventDate "2013.10.03"]

1. e4 c5 2. Nf3 Nc6 3. Bc4 e6 4. d4 cxd4 5. Nxd4 Nf6 6. Nc3 Be7 7. O-O O-O 8.
Nxc6 bxc6 9. e5 Nd5 10. Ne4 Qc7 11. f4 f6 12. Qh5 fxe5 13. fxe5 Qb6+ 14. Nf2
Rf5 15. Qe2 Bc5 16. Bd3 Rf7 17. g3 Bb7 18. Kg2 Raf8 19. Ne4 Rxf1 20. Nf6+ R1xf6
21. exf6 Rxf6 22. Qh5 g6 23. Qh4 Be7 24. Qh6 Qf2+ 25. Kh3 Qf3 26. Qd2 Nf4+ 0-1

[Event "X Open Autunno"]
[Site "Robecchetto con Induno ITA"]
[Date "2013.10.17"]
[Round "3"]
[White "Puricelli, Roberto"]
[Black "Bencivenga, Antonio"]
[WhiteElo "1489"]
[BlackElo "1476"]
[Result "1-0"]
[PlyCount "59"]
[EventDate "2013.10.03"]

1. e4 c6 2. c4 e6 3. Nc3 d5 4. cxd5 exd5 5. e5 Bf5 6. d4 Bb4 7. Bd2 Ne7 8. Nf3
Nd7 9. Be2 h6 10. Qb3 O-O 11. Qxb4 Nb6 12. O-O Rc8 13. a4 Nd7 14. Qa3 c5 15.
Nb5 cxd4 16. Nd6 Rc2 17. Nxf5 Nxf5 18. Bd3 Rxd2 19. Bxf5 Re2 20. Bd3 Re4 21.
Bxe4 dxe4 22. Nxd4 Nxe5 23. Rfd1 Nd3 24. Rxd3 exd3 25. Qxd3 Re8 26. Rd1 b6 27.
b3 Qf6 28. Qc3 Rd8 29. Rd2 Qd6 30. Nf5 1-0

[Event "X Open Autunno"]
[Site "Robecchetto con Induno ITA"]
[Date "2013.10.17"]
[Round "3"]
[White "Santarelli, Sabatino"]
[Black "Buonasorte, Roberto"]
[WhiteElo "1655"]
[BlackElo "1488"]
[Result "1/2-1/2"]
[PlyCount "93"]
[EventDate "2013.10.03"]

1. e4 e6 2. d4 d5 3. Nd2 Nf6 4. e5 Nfd7 5. Ngf3 c5 6. c3 Nc6 7. Bb5 cxd4 8.
cxd4 Bb4 9. O-O O-O 10. a3 Ba5 11. b4 Bb6 12. Nb3 f6 13. exf6 Nxf6 14. Bxc6
bxc6 15. Ne5 Qc7 16. Be3 Nd7 17. f4 Nxe5 18. fxe5 Ba6 19. Rf2 Rxf2 20. Bxf2 Bc4
21. Nd2 Bd3 22. Rc1 a5 23. Rc3 Bb5 24. Nf3 axb4 25. axb4 Bc4 26. h4 h6 27. Nd2
Bb5 28. Be3 Kh8 29. Nf3 Ra4 30. Rb3 Bc4 31. Rb2 Qa7 32. Kh2 Ra1 33. Qc2 Ra2 34.
h5 Rxb2 35. Qxb2 Qf7 36. Qa3 Qxh5+ 37. Kg1 Qe8 38. Nd2 Bb5 39. Nb3 Qc8 40. Nc5
Bxc5 41. bxc5 Qa6 42. Qc3 Qa4 43. Qd2 Kh7 44. Qf2 Qd1+ 45. Kh2 Qh5+ 46. Kg1
Qd1+ 47. Kh2 1/2-1/2

[Event "X Open Autunno"]
[Site "Robecchetto con Induno ITA"]
[Date "2013.10.17"]
[Round "3"]
[White "Serrao, Piergiorgio"]
[Black "Ragoso, Mario"]
[WhiteElo "1578"]
[BlackElo "1644"]
[Result "1-0"]
[PlyCount "75"]
[EventDate "2013.10.03"]

1. d4 Nf6 2. c4 g6 3. Nc3 Bg7 4. e4 d6 5. Nf3 O-O 6. Be2 e5 7. O-O Nc6 8. d5
Ne7 9. Ne1 Nd7 10. Be3 f5 11. f3 f4 12. Bf2 g5 13. a4 Nf6 14. a5 Rf7 15. c5 Ng6
16. cxd6 cxd6 17. Nb5 a6 18. Bb6 Qe7 19. Nc7 Rb8 20. Rc1 Bd7 21. Ne6 h6 22. Rc7
Ne8 23. Rc3 Bxe6 24. dxe6 Rf6 25. Qc2 Kh7 26. Rc8 Rxc8 27. Qxc8 Nf8 28. Bd8
Qxe6 29. Qxb7 Qd7 30. Qxd7 Nxd7 31. Bxf6 Bxf6 32. Bxa6 Nc5 33. Bc4 Nc7 34. b4
N5a6 35. Nd3 Bd8 36. b5 Nc5 37. Nxc5 Nxb5 38. Nb7 1-0

[Event "X Open Autunno"]
[Site "Robecchetto con Induno ITA"]
[Date "2013.10.17"]
[Round "3"]
[White "Virgilio, Gianluca"]
[Black "Rossi, Enrico"]
[WhiteElo "1795"]
[BlackElo "1319"]
[Result "0-1"]
[PlyCount "46"]
[EventDate "2013.10.03"]

1. d4 d5 2. Nf3 Nf6 3. Nbd2 e6 4. e3 Bb4 5. c3 Bd6 6. Bd3 O-O 7. O-O Bd7 8. e4
dxe4 9. Nxe4 Nxe4 10. Bxe4 Bc6 11. Bc2 Nd7 12. Qd3 g6 13. h4 f5 14. Ng5 Qf6 15.
Re1 Rae8 16. Bb3 Bd5 17. c4 Bb4 18. Re2 Bc6 19. Nxe6 Be4 20. Rxe4 fxe4 21. Qxe4
Qxf2+ 22. Kh2 Bd6+ 23. Kh3 Qg3# 0-1

[Event "X Open Autunno"]
[Site "Robecchetto con Induno ITA"]
[Date "2013.10.17"]
[Round "3"]
[White "Zanin, Fabio"]
[Black "Sartorio, Alessandro"]
[WhiteElo "1461"]
[BlackElo "1381"]
[Result "1-0"]
[PlyCount "97"]
[EventDate "2013.10.03"]

1. e4 e5 2. Nf3 Nc6 3. d4 exd4 4. Nxd4 Nge7 5. Bg5 f6 6. Nxc6 Nxc6 7. Be3 d6 8.
Nc3 Be6 9. Be2 Qd7 10. O-O O-O-O 11. f4 Ne7 12. Bxa7 d5 13. f5 Bf7 14. Bc5 Qc6
15. Bxe7 Bxe7 16. Qd3 dxe4 17. Qxe4 Bc5+ 18. Kh1 Bd5 19. Nxd5 Rxd5 20. Bb5 Qd6
21. Qe6+ Qxe6 22. fxe6 c6 23. Bc4 Rd2 24. Bb3 b5 25. Rae1 Kd8 26. Rd1 Rxd1 27.
Rxd1+ Ke7 28. Rd7+ Ke8 29. Rxg7 Bd4 30. c3 Be5 31. Kg1 f5 32. Rf7 Rf8 33. Rxh7
f4 34. Rf7 Rh8 35. h3 Rg8 36. Kf2 Bd6 37. Kf3 c5 38. Bd5 Rg5 39. Bc6+ Kd8 40.
Bxb5 Rg3+ 41. Kf2 Be7 42. Rxf4 Rg6 43. Bc4 Bd6 44. Rf7 Be7 45. a4 Ke8 46. a5
Bd6 47. a6 Bb8 48. Bb5+ Kd8 49. e7+ 1-0

[Event "X Open Autunno"]
[Site "Robecchetto con Induno ITA"]
[Date "2013.10.24"]
[Round "4"]
[White "Bencivenga, Antonio"]
[Black "Minore, Antonino"]
[WhiteElo "1476"]
[BlackElo "1262"]
[Result "1/2-1/2"]
[PlyCount "83"]
[EventDate "2013.10.03"]

1. d4 c6 2. Nf3 d5 3. Bf4 Bf5 4. Nbd2 Nd7 5. c4 dxc4 6. Nxc4 f6 7. e3 b5 8.
Ncd2 e6 9. Be2 Ne7 10. Bd6 Ng6 11. Bxf8 Ndxf8 12. Rc1 Rc8 13. Nb3 Nd7 14. O-O
O-O 15. Nfd2 Ne7 16. e4 Bg6 17. f4 f5 18. Nc5 Nxc5 19. dxc5 fxe4 20. Bg4 Bf5
21. Nxe4 Qxd1 22. Bxd1 Bxe4 23. Bb3 Bd5 24. g3 Bxb3 25. axb3 Nd5 26. Rfe1 Rfe8
27. Re5 Rc7 28. Rce1 Kf7 29. f5 Rce7 30. g4 Nf4 31. Rd1 Nd5 32. b4 g6 33. fxg6+
hxg6 34. Rf1+ Kg7 35. Kg2 Rf8 36. Rfe1 Rfe8 37. Kg3 Kh6 38. h4 g5 39. Rf1 Nf4
40. Rd1 Nd5 41. Rf1 Nf4 42. Rd1 1/2-1/2

[Event "X Open Autunno"]
[Site "Robecchetto con Induno ITA"]
[Date "2013.10.24"]
[Round "4"]
[White "Buonasorte, Roberto"]
[Black "Macchiettini, Pierangelo"]
[WhiteElo "1488"]
[BlackElo "1703"]
[Result "1-0"]
[PlyCount "47"]
[EventDate "2013.10.03"]

1. e4 c5 2. Nf3 d6 3. d4 cxd4 4. Nxd4 Nf6 5. Nc3 a6 6. Bg5 e6 7. f4 Be7 8. Qf3
Nbd7 9. O-O-O Qc7 10. Bxf6 Bxf6 11. g4 h6 12. h4 Rb8 13. g5 Be7 14. g6 Nf6 15.
gxf7+ Kf8 16. Bh3 e5 17. Ne6+ Bxe6 18. Bxe6 exf4 19. Rdg1 Qa5 20. Rxg7 Kxg7 21.
Qg2+ Kf8 22. Rg1 Bd8 23. Qg7+ Ke7 24. f8=Q+ 1-0

[Event "X Open Autunno"]
[Site "Robecchetto con Induno ITA"]
[Date "2013.10.24"]
[Round "4"]
[White "Colombo, Maurizio"]
[Black "Rosescu, Liviu"]
[WhiteElo "1786"]
[BlackElo "1713"]
[Result "0-1"]
[PlyCount "112"]
[EventDate "2013.10.03"]

1. d4 d6 2. c4 g6 3. Nc3 Bg7 4. e4 c5 5. d5 Nd7 6. Nf3 Ne5 7. Nxe5 Bxe5 8. Qc2
Bg7 9. Bd3 Nf6 10. O-O Ng4 11. h3 Ne5 12. Be2 f6 13. Be3 h5 14. f4 Nf7 15. e5
Bf5 16. Bd3 Bxd3 17. Qxd3 f5 18. e6 Nh6 19. Bf2 O-O 20. Bh4 Kh7 21. Kh2 Bf6 22.
Bxf6 Rxf6 23. Ne2 Qh8 24. Ng1 Rff8 25. Rab1 Qf6 26. Nf3 a6 27. a4 Rab8 28. Ng5+
Kg7 29. Qc3 Ng8 30. Qd3 a5 31. Qd2 b6 32. Rf3 Rfc8 33. Rb3 Qd4 34. Qxd4+ cxd4
35. Rc1 Nf6 36. Rd3 Nxd5 37. Rxd4 Nb4 38. b3 Rc5 39. Rcd1 Nc6 40. R4d2 Kf6 41.
Kg1 Re8 42. g3 Nd8 43. Re1 Rc7 44. Kf2 Nb7 45. Re3 Nc5 46. Kf3 Rec8 47. g4
hxg4+ 48. hxg4 fxg4+ 49. Kxg4 Rh8 50. Ne4+ Nxe4 51. Rxe4 Rc5 52. Rd5 Rh1 53.
Rxc5 bxc5 54. Re3 Rg1+ 55. Kf3 Kf5 56. Kf2 Rg4 0-1

[Event "X Open Autunno"]
[Site "Robecchetto con Induno ITA"]
[Date "2013.10.24"]
[Round "4"]
[White "Frignani, Alessandro"]
[Black "Zanin, Fabio"]
[WhiteElo "1389"]
[BlackElo "1461"]
[Result "0-1"]
[PlyCount "90"]
[EventDate "2013.10.03"]

1. e4 e5 2. Bc4 Nf6 3. Qf3 Bc5 4. Nc3 Nc6 5. Nge2 d6 6. h3 Na5 7. Bd3 a6 8. a3
Ba7 9. b4 Nc6 10. Bb2 Nd4 11. Nxd4 Bxd4 12. Bc4 O-O 13. Nd1 Ba7 14. Ne3 Be6 15.
d3 Bxc4 16. dxc4 Qd7 17. g4 Qc6 18. Nd5 Nxd5 19. cxd5 Qxc2 20. Qc3 Bxf2+ 21.
Kf1 Qxc3 22. Bxc3 Be3 23. Ke2 Bf4 24. Rhf1 Rac8 25. Bd2 g5 26. Rfc1 c6 27. dxc6
Rxc6 28. Bxf4 gxf4 29. Rxc6 bxc6 30. Rc1 Rc8 31. Kd3 c5 32. bxc5 Rxc5 33. Rb1
Rb5 34. Rc1 Rb3+ 35. Ke2 Rxa3 36. h4 Re3+ 37. Kd2 Rxe4 38. Rc6 Rd4+ 39. Ke2 a5
40. Ra6 a4 41. Kf2 e4 42. Ke2 f3+ 43. Ke3 Rd3+ 44. Kxe4 f2 45. Kxd3 f1=Q+ 0-1

[Event "X Open Autunno"]
[Site "Robecchetto con Induno ITA"]
[Date "2013.10.24"]
[Round "4"]
[White "Griffini, Andrea"]
[Black "Libutti, Michele"]
[WhiteElo "1799"]
[BlackElo "1734"]
[Result "1-0"]
[PlyCount "81"]
[EventDate "2013.10.03"]

1. b3 d5 2. Bb2 Nf6 3. Nf3 e6 4. e3 Nbd7 5. a3 c5 6. h3 a6 7. c4 b6 8. Nc3 Bb7
9. d4 Bd6 10. dxc5 bxc5 11. Be2 O-O 12. Bd3 Re8 13. Qc2 Ne5 14. Nxe5 Bxe5 15.
O-O-O Qa5 16. a4 dxc4 17. Bxc4 Nd5 18. Nxd5 Bxb2+ 19. Kxb2 exd5 20. Bxd5 Rab8
21. Bxb7 Rxb7 22. Rd5 Qxa4 23. Rxc5 Qb4 24. Rc1 g6 25. Qc4 Qxc4 26. R1xc4 Reb8
27. Rc8+ Kg7 28. Rxb8 Rxb8 29. Kc3 h5 30. Rc6 Ra8 31. b4 Kf8 32. Kc4 Ke7 33.
Kc5 a5 34. b5 a4 35. Ra6 Rc8+ 36. Kb4 Rc2 37. Rxa4 Rxf2 38. b6 Rxg2 39. Kc5
Rc2+ 40. Kb5 Kd8 41. Ka6 1-0

[Event "X Open Autunno"]
[Site "Robecchetto con Induno ITA"]
[Date "2013.10.24"]
[Round "4"]
[White "Loaldi, Davide"]
[Black "Koureas, Panicos"]
[WhiteElo "1572"]
[BlackElo "1418"]
[Result "0-1"]
[PlyCount "82"]
[EventDate "2013.10.03"]

1. d4 Nf6 2. Bg5 e6 3. e4 Be7 4. Nc3 c6 5. Bd3 d6 6. Nf3 Nbd7 7. O-O e5 8. Bc4
Qc7 9. a4 Nb6 10. Ba2 Bg4 11. dxe5 dxe5 12. Bxf6 Bxf6 13. h3 Bh5 14. g4 Rd8 15.
Qe2 Bg6 16. a5 Nd7 17. Qc4 O-O 18. b4 Be7 19. Rad1 h6 20. Nd5 Qd6 21. Nb6 Nxb6
22. Rxd6 Nxc4 23. Rxd8 Rxd8 24. Bxc4 Bxe4 25. Nxe5 Bxb4 26. Nxf7 Rd4 27. Ne5+
Kh7 28. f3 Bxc2 29. a6 Bd6 30. Rc1 Ba4 31. axb7 Bxe5 32. Be6 Rd1+ 33. Rxd1 Bxd1
34. Bf5+ Kg8 35. Kf2 a5 36. Be6+ Kf8 37. Bc4 Ke7 38. Ke3 a4 39. f4 Bd6 40. f5
Kd8 41. Ke4 Kc7 0-1

[Event "X Open Autunno"]
[Site "Robecchetto con Induno ITA"]
[Date "2013.10.24"]
[Round "4"]
[White "Madaschi, Sergio"]
[Black "Colombo, Angelo D."]
[WhiteElo "1522"]
[BlackElo "1485"]
[Result "1-0"]
[PlyCount "91"]
[EventDate "2013.10.03"]

1. e4 e6 2. d4 d5 3. Nd2 Nf6 4. e5 Nfd7 5. Bd3 c5 6. c3 Nc6 7. Ne2 Qb6 8. Nf3
cxd4 9. cxd4 Bb4+ 10. Bd2 Bxd2+ 11. Qxd2 Qb4 12. O-O Qxd2 13. Nxd2 Nb6 14. Rac1
O-O 15. a3 Bd7 16. f4 f5 17. b4 Rac8 18. Nb3 Rb8 19. Nc5 Bc8 20. h3 Kf7 21. g4
g6 22. Kh2 Nd7 23. gxf5 gxf5 24. Rg1 Nxc5 25. dxc5 Bd7 26. b5 Na5 27. Nd4 Rfc8
28. Rg2 Rg8 29. Rxg8 Rxg8 30. c6 bxc6 31. bxc6 Bc8 32. Rc5 Nc4 33. Bxc4 dxc4
34. Rxc4 Rd8 35. c7 Rd5 36. Nc2 Rd2+ 37. Kg3 Rd3+ 38. Kh4 Ke7 39. a4 Rd7 40.
Nb4 Ke8 41. a5 Ke7 42. Nc6+ Ke8 43. Nxa7 Ba6 44. c8=Q+ Bxc8 45. Nxc8 Kf8 46. a6
1-0

[Event "X Open Autunno"]
[Site "Robecchetto con Induno ITA"]
[Date "2013.10.24"]
[Round "4"]
[White "Moroni, Luca"]
[Black "Serrao, Piergiorgio"]
[WhiteElo "1860"]
[BlackElo "1578"]
[Result "1-0"]
[PlyCount "100"]
[EventDate "2013.10.03"]

1. Nf3 d5 2. d4 Nf6 3. Bf4 c5 4. e3 Nc6 5. c3 Qb6 6. Qb3 c4 7. Qxb6 axb6 8.
Nbd2 Bf5 9. Be2 h6 10. h3 e6 11. O-O Be7 12. Ne5 Nxe5 13. Bxe5 O-O 14. Bf3 Bd3
15. Rfe1 b5 16. a3 Rad8 17. e4 Nxe4 18. Nxe4 dxe4 19. Bxe4 Bxe4 20. Rxe4 Bd6
21. Bxd6 Rxd6 22. Re5 Rb6 23. Rae1 Rd8 24. f4 Rdd6 25. f5 Kf8 26. fxe6 Rxe6 27.
Rxe6 Rxe6 28. Rxe6 fxe6 29. Kf2 Ke7 30. Ke3 Kd6 31. Ke4 g6 32. g3 g5 33. h4
gxh4 34. gxh4 b6 35. h5 b4 36. cxb4 b5 37. Kf4 Kd5 38. Ke3 e5 39. dxe5 Kxe5 40.
Kd2 Kd4 41. Kc2 Ke4 42. Kc3 Kd5 43. b3 cxb3 44. Kxb3 Kc6 45. a4 bxa4+ 46. Kxa4
Kb6 47. b5 Kb7 48. Kb4 Kb6 49. Kc4 Kb7 50. Kc5 Kc7 1-0

[Event "X Open Autunno"]
[Site "Robecchetto con Induno ITA"]
[Date "2013.10.24"]
[Round "4"]
[White "Puricelli, Roberto"]
[Black "Cecchini, Massimo S."]
[WhiteElo "1489"]
[BlackElo "1780"]
[Result "0-1"]
[PlyCount "136"]
[EventDate "2013.10.03"]

1. e4 c6 2. d4 d5 3. exd5 cxd5 4. Nf3 Nf6 5. Be2 Nc6 6. O-O Bg4 7. h3 Bh5 8.
Bf4 e6 9. c3 Be7 10. Nbd2 Nd7 11. Re1 a6 12. Bh2 Bg6 13. Ne5 Ncxe5 14. dxe5 O-O
15. Nf3 Rc8 16. Nd4 Qb6 17. Qb3 Qc7 18. a3 Nc5 19. Qd1 Qb6 20. Ra2 Nd7 21. Bd3
Bxd3 22. Qxd3 Rc7 23. Qc2 Rfc8 24. Qb3 Bc5 25. Qxb6 Bxb6 26. Rd1 Rc4 27. Nf3
Nc5 28. Nd2 Rh4 29. Kf1 Rh5 30. Bg3 Rf5 31. Re1 Nd3 32. Re2 Nc1 33. Ra1 Nxe2
34. Kxe2 h5 35. Nf3 g5 36. Rd1 g4 37. hxg4 hxg4 38. Nd4 Rh5 39. Ke3 Rh7 40. Kf4
Bxd4 41. Rxd4 Rg7 42. Rd1 Rc4+ 43. Ke3 Kf8 44. Kd3 Ke7 45. Rh1 Kd7 46. Rh8 Rc8
47. Rxc8 Kxc8 48. Bf4 Kd7 49. b4 Kc6 50. a4 Rg6 51. g3 f6 52. exf6 Rxf6 53. Kd4
Rf5 54. a5 b6 55. axb6 Kxb6 56. Be3 Kb5 57. Kd3 e5 58. Bc5 Ka4 59. Kc2 e4 60.
Be3 Rh5 61. Bd4 Rh1 62. Kd2 Kb3 63. Be3 Rh7 64. Bd4 Rf7 65. Be3 Rf3 66. Bd4
Rd3+ 67. Ke2 Kc4 68. Ke1 Rxd4 0-1

[Event "X Open Autunno"]
[Site "Robecchetto con Induno ITA"]
[Date "2013.10.24"]
[Round "4"]
[White "Rossi, Enrico"]
[Black "Santarelli, Sabatino"]
[WhiteElo "1319"]
[BlackElo "1655"]
[Result "1-0"]
[PlyCount "89"]
[EventDate "2013.10.03"]

1. d4 Nf6 2. c4 e5 3. dxe5 Ng4 4. Nf3 Nc6 5. Bf4 Bc5 6. e3 Qe7 7. Qd5 Bb4+ 8.
Nc3 Qe6 9. Qxe6+ fxe6 10. h3 Nh6 11. Bd3 Nf5 12. O-O Bxc3 13. bxc3 O-O 14. Rab1
b6 15. Be4 Bb7 16. Rfd1 Rf7 17. Ng5 Re7 18. g4 h6 19. Nf3 g5 20. Nxg5 hxg5 21.
Bxg5 Nxe3 22. fxe3 Rf7 23. Bf6 Na5 24. Bg6 Raf8 25. Bxf7+ Rxf7 26. c5 Nc4 27.
cxb6 axb6 28. Rd3 Be4 29. Rd4 Bxb1 30. Rxc4 c6 31. Ra4 Rh7 32. Kg2 Bg6 33. Ra8+
Kf7 34. Rd8 d5 35. Rd6 Bb1 36. a3 c5 37. Rxb6 Bc2 38. Kg3 Rh6 39. Rb7+ Kg8 40.
Re7 Rg6 41. Rxe6 Bf5 42. Rd6 Be4 43. g5 Kf7 44. e6+ Kg8 45. Rd8+ 1-0

[Event "X Open Autunno"]
[Site "Robecchetto con Induno ITA"]
[Date "2013.10.24"]
[Round "4"]
[White "Saccani, Ettore"]
[Black "Santoruvo, Gianfranco"]
[WhiteElo "1735"]
[BlackElo "1655"]
[Result "0-1"]
[PlyCount "70"]
[EventDate "2013.10.03"]

1. e4 e5 2. Nf3 Nc6 3. Bb5 a6 4. Ba4 Bc5 5. O-O d6 6. h3 Nf6 7. Re1 O-O 8. c3
b5 9. Bb3 h6 10. d4 Bb6 11. a4 Bd7 12. Bd2 Re8 13. d5 Na5 14. Na3 Nxb3 15. Qxb3
bxa4 16. Qc2 Qc8 17. Nc4 Bxh3 18. gxh3 Qxh3 19. Nxb6 Qg4+ 20. Kf1 Qxf3 21. Nxa8
Ng4 22. Be3 Nh2+ 23. Kg1 Qh3 24. Qe2 Rxa8 25. Rxa4 Nf3+ 26. Qxf3 Qxf3 27. Rea1
h5 28. Kh2 h4 29. Rg1 f6 30. Rb4 Kf7 31. Rb7 Rc8 32. Bb6 g5 33. Bxc7 g4 34.
Bb6+ Kg6 35. Be3 Qh3# 0-1

[Event "X Open Autunno"]
[Site "Robecchetto con Induno ITA"]
[Date "2013.10.24"]
[Round "4"]
[White "Sartorio, Alessandro"]
[Black "De Dominicis, Arrigo"]
[WhiteElo "1381"]
[BlackElo "1299"]
[Result "0-1"]
[PlyCount "101"]
[EventDate "2013.10.03"]

1. e4 e5 2. Nf3 d6 3. Bc4 h6 4. O-O Qf6 5. Nc3 Ne7 6. d3 Nbc6 7. Bd5 Qg6 8. Nh4
Qf6 9. Nf5 Nxf5 10. exf5 Bxf5 11. Be4 Bd7 12. Nd5 Qd8 13. Qf3 Ne7 14. Re1 c6
15. Nf6+ gxf6 16. Qxf6 Rg8 17. Bf3 Nd5 18. Qxd8+ Kxd8 19. a3 h5 20. c4 Nf4 21.
g3 Nxd3 22. Re4 Rh8 23. Rh4 Be7 24. Re4 h4 25. g4 Kc7 26. Bd2 Rag8 27. h3 f5
28. Re3 Nf4 29. Kh2 fxg4 30. hxg4 Bxg4 31. Rg1 Bxf3 32. Rxg8 Rxg8 33. Rxf3 Rg2+
34. Kh1 Rg8 35. Bxf4 exf4 36. Rxf4 h3 37. Kh2 Rh8 38. Rg4 Bf6 39. b4 Be5+ 40.
Kh1 h2 41. f4 Bd4 42. a4 b6 43. b5 c5 44. Rg2 Be3 45. f5 Bf4 46. Rg7+ Kd8 47.
f6 Be5 48. Rxa7 Bxf6 49. Ra8+ Ke7 50. Rxh8 Bxh8 51. Kxh2 0-1

[Event "X Open Autunno"]
[Site "Robecchetto con Induno ITA"]
[Date "2013.10.24"]
[Round "4"]
[White "Testa, Loris"]
[Black "Melino, Gianluca"]
[WhiteElo "1946"]
[BlackElo "1748"]
[Result "1/2-1/2"]
[PlyCount "100"]
[EventDate "2013.10.03"]

1. e4 g6 2. d4 Bg7 3. c4 d6 4. Nc3 e5 5. dxe5 dxe5 6. Qxd8+ Kxd8 7. Bg5+ f6 8.
O-O-O+ Bd7 9. Be3 Bh6 10. Bxh6 Nxh6 11. c5 c6 12. Bc4 Ke7 13. f3 Na6 14. Bxa6
bxa6 15. Nge2 Rhd8 16. h4 Be6 17. g4 Rxd1+ 18. Kxd1 Nf7 19. Kc2 Rd8 20. Rd1
Rxd1 21. Kxd1 Bc4 22. b3 Bxe2+ 23. Kxe2 Nd8 24. Kd3 Ne6 25. b4 Nf4+ 26. Kd2 h5
27. Ne2 Ng2 28. gxh5 gxh5 29. Ng3 Nxh4 30. Ke2 Ng6 31. Nxh5 Nf8 32. Ng7 Kd7 33.
Kf2 Ng6 34. Nh5 Ke7 35. Kg3 Nf8 36. Ng7 Ng6 37. Kg4 Nf4 38. Nf5+ Kd7 39. Nd6
Nd3 40. a3 a5 41. Kf5 axb4 42. axb4 Nxb4 43. Kxf6 Nd3 44. Nc4 Nxc5 45. Kxe5 Nb7
46. f4 a5 47. f5 Ke7 48. Kd4 a4 49. e5 Nd8 50. Kc5 Nf7 1/2-1/2

[Event "X Open Autunno"]
[Site "Robecchetto con Induno ITA"]
[Date "2013.10.24"]
[Round "4"]
[White "Trenti, Alessandro"]
[Black "Barrera, Pietro"]
[WhiteElo "1757"]
[BlackElo "1893"]
[Result "1/2-1/2"]
[PlyCount "72"]
[EventDate "2013.10.03"]

1. e4 g6 2. d4 Bg7 3. Nf3 d6 4. Be3 Nd7 5. c4 Ngf6 6. Nc3 O-O 7. Bd3 c5 8. h3
b6 9. O-O Ne8 10. Qc2 Nc7 11. Rad1 Bb7 12. d5 a6 13. a3 Rb8 14. Rfe1 Bc8 15.
Bf4 f6 16. Rb1 Ne5 17. Nxe5 fxe5 18. Bg3 Bd7 19. Qe2 Rf7 20. b3 Ne8 21. Qd2 Nf6
22. Be2 Qc7 23. Rf1 Rbf8 24. Rb2 h6 25. f4 exf4 26. Bxf4 g5 27. Be3 b5 28. cxb5
axb5 29. Rbb1 b4 30. axb4 cxb4 31. Nb5 Bxb5 32. Bxb5 Nxe4 33. Qxb4 Rxf1+ 34.
Rxf1 Rxf1+ 35. Bxf1 Qc2 36. Qc4 Nc3 1/2-1/2

[Event "X Open Autunno"]
[Site "Robecchetto con Induno ITA"]
[Date "2013.10.24"]
[Round "4"]
[White "Virgilio, Gianluca"]
[Black "Nava, Mario"]
[WhiteElo "1795"]
[BlackElo "1256"]
[Result "1-0"]
[PlyCount "71"]
[EventDate "2013.10.03"]

1. d4 d5 2. Nf3 Nf6 3. e3 a6 4. Bd3 Nc6 5. c3 e6 6. Nbd2 Bd6 7. O-O Bd7 8. e4
dxe4 9. Nxe4 Be7 10. Qe2 Nxe4 11. Qxe4 g6 12. Bh6 Bf8 13. Bxf8 Rxf8 14. d5 Ne7
15. Bc4 exd5 16. Bxd5 c6 17. Bb3 Qc7 18. Rfe1 Bf5 19. Qh4 Rh8 20. Qf6 Rf8 21.
Ng5 Be6 22. Bxe6 fxe6 23. Qxf8+ Kxf8 24. Nxe6+ Kf7 25. Nxc7 Rc8 26. Ne6 Kf6 27.
Rad1 c5 28. Rd7 Rc6 29. Nd8 Rb6 30. Rdxe7 Rxb2 31. Rf7+ Kg5 32. Ne6+ Kh6 33.
Rf3 g5 34. Rf6+ Kh5 35. Ng7+ Kg4 36. Re4# 1-0

[Event "X Open Autunno"]
[Site "Robecchetto con Induno ITA"]
[Date "2013.11.07"]
[Round "5"]
[White "Barrera, Pietro"]
[Black "Moroni, Luca"]
[WhiteElo "1893"]
[BlackElo "1860"]
[Result "1/2-1/2"]
[PlyCount "34"]
[EventDate "2013.10.03"]

1. e4 c5 2. Nc3 d6 3. f4 Nc6 4. Bb5 Bd7 5. Nf3 Nf6 6. O-O g6 7. d3 Bg7 8. Qe1
O-O 9. Qh4 Nd4 10. Bxd7 Nxf3+ 11. Rxf3 Qxd7 12. Bd2 Qg4 13. Qe1 Qe6 14. h3 b5
15. a3 b4 16. axb4 cxb4 17. Ne2 a5 1/2-1/2

[Event "X Open Autunno"]
[Site "Robecchetto con Induno ITA"]
[Date "2013.11.07"]
[Round "5"]
[White "Cecchini, Massimo S."]
[Black "Griffini, Andrea"]
[WhiteElo "1780"]
[BlackElo "1799"]
[Result "1/2-1/2"]
[PlyCount "113"]
[EventDate "2013.10.03"]

1. d4 Nf6 2. Nf3 e6 3. c4 c5 4. d5 d6 5. Nc3 Be7 6. e4 e5 7. Be2 O-O 8. O-O a6
9. a4 a5 10. Ne1 Na6 11. Nd3 Nb4 12. f4 Nxd3 13. Qxd3 exf4 14. Bxf4 Nd7 15. Qg3
Ra6 16. Ra3 Bh4 17. Qd3 Bf6 18. Qc2 Bd4+ 19. Kh1 Be5 20. Qd2 Bxf4 21. Qxf4 Ne5
22. Nb5 f5 23. Rg3 Ng6 24. Qg5 Qxg5 25. Rxg5 fxe4 26. Rxf8+ Kxf8 27. Kg1 Nf4
28. Kf2 h6 29. Rg3 g5 30. Ke3 Ke7 31. Bg4 Bxg4 32. Rxg4 Ra8 33. g3 Ng6 34.
Rxe4+ Ne5 35. Kd2 Rf8 36. b3 Rf2+ 37. Re2 Rxh2 38. Rxh2 Nf3+ 39. Ke3 Nxh2 40.
Nc3 Nf1+ 41. Kf2 Nd2 42. Ke3 Nf1+ 43. Kf2 Nd2 44. Ke3 Nxb3 45. Ne4 Nd4 46. g4
Nc2+ 47. Kd2 Nb4 48. Ke3 Na6 49. Kd3 Nc7 50. Ng3 Ne8 51. Nf5+ Kf6 52. Ke4 Kg6
53. Ne7+ Kf6 54. Nf5 Kg6 55. Ne7+ Kf7 56. Nf5 Kg6 57. Ne7+ 1/2-1/2

[Event "X Open Autunno"]
[Site "Robecchetto con Induno ITA"]
[Date "2013.11.07"]
[Round "5"]
[White "Colombo, Angelo D."]
[Black "Virgilio, Gianluca"]
[WhiteElo "1485"]
[BlackElo "1795"]
[Result "0-1"]
[PlyCount "104"]
[EventDate "2013.10.03"]

1. e4 c5 2. Bc4 g6 3. Nc3 Bg7 4. Nge2 Nc6 5. a3 e6 6. d3 a6 7. a4 Nge7 8. Bg5
O-O 9. O-O b6 10. Qc1 Re8 11. f3 Bb7 12. Re1 Nb4 13. Bb3 d5 14. Ng3 Qd7 15. Rd1
b5 16. Nce2 c4 17. dxc4 bxc4 18. Bxc4 Qc7 19. Bb3 Rac8 20. c3 Nbc6 21. exd5 Na5
22. Bc2 Nxd5 23. Ne4 f5 24. Nf2 Qb6 25. Kf1 Nc4 26. Ke1 Qxb2 27. Rb1 Qxc1 28.
Rdxc1 Na5 29. Nd1 Rc7 30. Bd2 Nc4 31. Bg5 Rec8 32. Bd3 Ne5 33. Kd2 Nxd3 34.
Kxd3 a5 35. Rb3 Ba6+ 36. Kd2 Kf7 37. Ke1 Bxe2 38. Kxe2 Rc4 39. Ra3 Bf8 40. Raa1
Bd6 41. Nb2 Nxc3+ 42. Kd3 R4c6 43. h3 Nd5 44. Rxc6 Rxc6 45. Bd2 Nb4+ 46. Bxb4
Bxb4 47. Nc4 Rc5 48. Ra2 e5 49. Nd6+ Ke6 50. Nb5 Kd5 51. Ke2 Kc4 52. Nd6+ Kb3
0-1

[Event "X Open Autunno"]
[Site "Robecchetto con Induno ITA"]
[Date "2013.11.07"]
[Round "5"]
[White "De Dominicis, Arrigo"]
[Black "Frignani, Alessandro"]
[WhiteElo "1299"]
[BlackElo "1389"]
[Result "0-1"]
[PlyCount "78"]
[EventDate "2013.10.03"]

1. d4 d5 2. Bf4 c6 3. e3 Qb6 4. b3 Nf6 5. Nf3 Nbd7 6. Bd3 e6 7. O-O h6 8. Nc3
Ba3 9. Rb1 Qd8 10. b4 Qe7 11. b5 c5 12. Qe1 c4 13. Be2 Nb6 14. Ne5 Bb4 15. Rxb4
Qxb4 16. Nb1 Qxb5 17. Bd1 Nbd7 18. Nd2 Qa4 19. e4 c3 20. Nb3 Nxe4 21. Nc5 Nexc5
22. dxc5 Nxc5 23. Qxc3 b6 24. Nf3 Qxf4 25. Qxg7 Rf8 26. Ne5 Qd2 27. Bh5 Qf4 28.
Ng6 fxg6 29. Bxg6+ Rf7 30. Qg8+ Ke7 31. g3 Qf6 32. f4 Bb7 33. Qxf7+ Qxf7 34.
Bxf7 Kxf7 35. f5 e5 36. h4 Rg8 37. Kh2 Ne4 38. Rg1 Rg4 39. Kh3 h5 0-1

[Event "X Open Autunno"]
[Site "Robecchetto con Induno ITA"]
[Date "2013.11.07"]
[Round "5"]
[White "Koureas, Panicos"]
[Black "Colombo, Maurizio"]
[WhiteElo "1418"]
[BlackElo "1786"]
[Result "0-1"]
[PlyCount "62"]
[EventDate "2013.10.03"]

1. e4 c5 2. Nc3 Nc6 3. f4 g6 4. Nf3 Bg7 5. Bb5 a6 6. Bxc6 bxc6 7. d3 d6 8. O-O
Rb8 9. b3 Bxc3 10. Rb1 e6 11. Ng5 Ne7 12. Qf3 h6 13. Nh3 d5 14. Nf2 h5 15. Nd1
Bg7 16. Kh1 a5 17. a4 c4 18. Ba3 cxb3 19. cxb3 Ba6 20. Re1 O-O 21. Qe3 Re8 22.
e5 Nf5 23. Qc5 Bf8 24. Qxc6 Bxa3 25. Qxa6 Bb4 26. Rf1 Rb6 27. Qa7 Re7 28. Qxe7
Qxe7 29. Rc1 Qb7 30. Nf2 Bd2 31. Rb1 Rxb3 0-1